00631nam a2200193 a 450000100060000000300090000600800410001502000150005604000280007108200170009910000580011624500900017426000310026430000110029549000430030665000400034965000250038965000230041419966CO-ViMGA141112s2004 ck r 000 u spa d a848733072X aCO-ViMGAbspacCO-ViMGA04a372.66 V424a1 aViciana Garófano, Virginia; Arteaga Checa, Milagros10aLas actividades coreograficas en la escuela : bDanzas, bailes, funky, gimnasia, jazz aBarcelona : bINDE, c1999 a243 p. aLa educación física en ... reforma14aCOREOGRAFIA - ENSEÑANZA ELEMENTAL14aDANZA - ENESEÑANZA14aEXPRESION CORPORAL